000 00804nam a2200241Ia 4500
003 GCL
008 140319s9999 xx 000 0 ara d
040 _aGCL /
_cGCL
082 0 4 _a822.008
_bش ع
100 1 _aنظير عبود
245 1 0 _aالعبرة فى النهاية /
_cنظير عبود
700 1 _aانطوان رزق الله مشاطى
700 1 _aشكسبير، ويليام
250 _aالاولى
260 _aالقاهرة :
_bدار الجيل للنشر والتوزيع ،
_c1987
260 _aبيروت :
_bدار مارون عبود ،
_c1987
300 _a130ص ؛
_c19سم
490 _aوليم شكسبير
_v0
650 0 4 _aالقيرواني
650 0 4 _aالادب الانجليزى
650 0 4 _aالمسرح الانجليزى
942 _2ddc
_cBK
999 _c56373
_d56373